• 首页
  • 本馆介绍
  • 公告通知
  • 最新文献
  • 馆藏检索
  • 电子资源
  • 读者导购
  • 参考咨询
  • 我的图书馆
  • 登录
  • 详细信息显示
  • 放入我的书架
  • 预约/预借图书
  • 作者相关作品
  • 分类相关作品
  • 丛书相关作品
  • 出版社相关作品

书目信息

  • 表格格式
  • 工作单格式
  • 卡片格式
题名:
甲醛释放与检测
    
 
作者: 王维新 主编
分册:  
出版信息: 北京   化学工业出版社  2003
页数: 138页
开本: 21cm
丛书名:
单 册:
中图分类: X512.2
科图分类:
主题词: 甲醛--污染测定
电子资源:
ISBN: 7-5025-4291-4
000 00742nam0 2200217 450
001 200511
005 20070727172648.75
010    @a7-5025-4291-4@dCNY26.00
100    @a20050402d2003 ekmy0chiy0110 ea
101 0  @achi
102    @aCN@b110000
105    @ay z 000yy
200 1  @a甲醛释放与检测@Ajia quan shi fang yu jian ce@f王维新主编
210    @a北京@c化学工业出版社@d2003
215    @a138页@d21cm
330    @a本书包括GB18580-2001《室内装饰装修材料—人造板及其制品中甲醛释放限量》强制性国家标准的制定和实施;欧、美、日等对人造板甲醛释放量的规定、各种方法测定人造板甲醛释放量等。
606 0  @a甲醛@x污染测定
690    @aX512.2@v4
701  0 @a王维新@Awang wei xin@4主编
801  0 @aCN@bWHC@c20070727
905    @a10447@dX512.2@e66
    
    甲醛释放与检测/王维新主编.-北京:化学工业出版社,2003
    138页;21cm
    
    
    ISBN 7-5025-4291-4:CNY26.00
    本书包括GB18580-2001《室内装饰装修材料—人造板及其制品中甲醛释放限量》强制性国家标准的制定和实施;欧、美、日等对人造板甲醛释放量的规定、各种方法测定人造板甲醛释放量等。
●
相关链接 在E读中查询图书 在五车中查询图书 在当当中查询图书 在豆瓣中查询图书


正题名:甲醛释放与检测     索取号:X512.2/66         预约/预借

序号 登录号 条形码 馆藏地/架位号 状态 备注
1 0784326   207843262   第三借阅区/ [索取号:X512.2/66] 在馆    
2 0784472   207844724   第二样本阅览室/ [索取号:X512.2/66] 在馆    
3 0784473   207844733   第三借阅区/ [索取号:X512.2/66] 在馆    
唐山师范学院图书馆 欢迎您!
大连网信软件有限公司© 版权所有